000 00336nam a2200133Ia 4500
008 230312s9999||||xx |||||||||||||| ||und||
082 _a891.4
_bDEE-S
100 _aمحمد دین جوہر
245 0 _aسرماھی جی
260 _bفاطمہ جناح لاھور
_apak
_c2014
300 _a133
650 _aLiterature
942 _cBK
999 _c14981
_d14981